Poemas

Uloženo v:
Podrobná bibliografie
Hlavní autor: Spender, Stephen (Autor)
Médium: Kniha
Jazyk:španělština
Vydáno: Madrid Visor 1981
Edice:Colección Visor de Poesía, 121
Témata:
Tagy: Přidat tag
Žádné tagy, Buďte první, kdo vytvoří štítek k tomuto záznamu!

MARC

LEADER 00000nam a2200000 a 4500
001 UCU5452
003 CL-VaPUC
008 960604e19810000SP |||||||||||||||||spa|d
082 0 4 |a 821  |b SPE  |2 21 
100 0 |a Spender, Stephen  |e author  |9 363472 
245 1 0 |a Poemas 
300 |a 190 p 
942 |c BK 
945 |d 19960604 00:00:00  |a rbrito 
260 |a Madrid  |b Visor  |c 1981 
650 0 |a Poesías inglesas  |9 265094 
583 |a last modification  |c 19960604 00:00:00  |k Rodrigo Vera 
490 0 |a Colección Visor de Poesía, 121 
999 |c 248818  |d 248816 
952 |0 0  |1 0  |4 0  |6 821_000000000000000_SPE_1981  |7 0  |8 A  |9 265688  |a BIBART  |b BIBART  |d 2019-11-19  |i 3206726  |o 821 SPE 1981  |p 3206726  |r 2025-03-13  |w 2019-11-19  |y BK  |k ART